<?xml version="1.0" encoding="UTF-8"?>
<collection xmlns:xsi="http://www.w3.org/2001/XMLSchema-instance" xsi:schemaLocation="http://www.loc.gov/MARC21/slim http://www.loc.gov/standards/marcxml/schema/MARC21slim.xsd" xmlns="http://www.loc.gov/MARC21/slim">
 <record>
  <leader>00000cmm a22000004i 4500</leader>
  <controlfield tag="001">UP-99796217611273271</controlfield>
  <controlfield tag="003">Buklod</controlfield>
  <controlfield tag="005">20140514144854.0</controlfield>
  <controlfield tag="006">aa    r     ||| u </controlfield>
  <controlfield tag="007">ta</controlfield>
  <controlfield tag="008">130923s2014    mau        u        eng d</controlfield>
  <datafield tag="020" ind1=" " ind2=" ">
   <subfield code="a">9780674430006 (alk. paper)</subfield>
  </datafield>
  <datafield tag="035" ind1=" " ind2=" ">
   <subfield code="a">(iLib)UPD-00217904452</subfield>
  </datafield>
  <datafield tag="040" ind1=" " ind2=" ">
   <subfield code="a">DECON</subfield>
  </datafield>
  <datafield tag="041" ind1="1" ind2=" ">
   <subfield code="a">eng</subfield>
   <subfield code="h">fre</subfield>
  </datafield>
  <datafield tag="050" ind1=" " ind2="4">
   <subfield code="a">HB 501</subfield>
   <subfield code="b">P55</subfield>
  </datafield>
  <datafield tag="100" ind1="1" ind2=" ">
   <subfield code="a">Piketty, Thomas</subfield>
   <subfield code="d">1971-</subfield>
  </datafield>
  <datafield tag="240" ind1="1" ind2="0">
   <subfield code="a">Capital au XXIe siècle.</subfield>
   <subfield code="l">English</subfield>
  </datafield>
  <datafield tag="245" ind1="1" ind2="0">
   <subfield code="a">Capital in the twenty-first century</subfield>
   <subfield code="c">Thomas Piketty ; translated by Arthur Goldhammmer.</subfield>
  </datafield>
  <datafield tag="264" ind1=" " ind2="1">
   <subfield code="a">Cambridge Massachusetts</subfield>
   <subfield code="b">The Belknap Press of Harvard University Press</subfield>
   <subfield code="c">2014.</subfield>
  </datafield>
  <datafield tag="300" ind1=" " ind2=" ">
   <subfield code="a">1 CD Rom</subfield>
  </datafield>
  <datafield tag="500" ind1=" " ind2=" ">
   <subfield code="a">Translation of the authors: Le capital au XXI siècle.</subfield>
  </datafield>
  <datafield tag="504" ind1=" " ind2=" ">
   <subfield code="a">Includes bibliographical references (pages 579-655) an</subfield>
  </datafield>
  <datafield tag="505" ind1="0" ind2=" ">
   <subfield code="t">Income and output --</subfield>
   <subfield code="t">Growth : illusions and realities --</subfield>
   <subfield code="t">The metamorphoses of capital --</subfield>
   <subfield code="t">From old Europe to the new world --</subfield>
   <subfield code="t">The long-run capital/income ratio --</subfield>
   <subfield code="t">Capital's share vs. labor's share in the twenty-first century --</subfield>
   <subfield code="t">Inequality and concentration : an initial orientation --</subfield>
   <subfield code="t">The two worlds --</subfield>
   <subfield code="t">Inequality in the income from labor --</subfield>
   <subfield code="t">Inequality in the ownership of capital --</subfield>
   <subfield code="t">Merit and inheritance in the long run --</subfield>
   <subfield code="t">Global inequality of wealth in the twenty-first century --</subfield>
   <subfield code="t">A social state for the twenty-first century --</subfield>
   <subfield code="t">Rethinking the progressive income tax --</subfield>
   <subfield code="t">A global tax on capital --</subfield>
   <subfield code="t">The question of the public debt.</subfield>
  </datafield>
  <datafield tag="650" ind1=" " ind2="0">
   <subfield code="a">Income distribution.</subfield>
  </datafield>
  <datafield tag="650" ind1=" " ind2="0">
   <subfield code="a">Wealth.</subfield>
  </datafield>
  <datafield tag="650" ind1=" " ind2="0">
   <subfield code="a">Labor economics.</subfield>
  </datafield>
  <datafield tag="905" ind1=" " ind2=" ">
   <subfield code="a">FO</subfield>
  </datafield>
  <datafield tag="852" ind1="0" ind2=" ">
   <subfield code="a">UPD</subfield>
   <subfield code="b">DECON</subfield>
   <subfield code="h">HB 501 P55</subfield>
  </datafield>
  <datafield tag="942" ind1=" " ind2=" ">
   <subfield code="a">Electronic Resource</subfield>
  </datafield>
 </record>
</collection>
